[Event "Czechia KP-chTB 0607"]
[Site "Czech Republic"]
[Date "2006.10.29"]
[Round "1.6"]
[White "Stepanek, Stanislav"]
[Black "Prochazka, Petr"]
[Result "1-0"]
[WhiteElo "1882"]
[BlackElo "1975"]
[PlyCount "97"]
[EventDate "2006.10.29"]
[EventType "team"]
[EventRounds "11"]
[EventCountry "CZE"]
[SourceTitle "EXT 2008"]
[Source "ChessBase"]
[SourceDate "2007.11.25"]
[SourceVersion "1"]
[SourceVersionDate "2007.11.25"]
[SourceQuality "1"]
[WhiteTeam "Podebrady"]
[BlackTeam "Brodce"]
[WhiteTeamCountry "CZE"]
[BlackTeamCountry "CZE"]

1. d4 d5 2. c4 Nc6 3. Nf3 Bg4 4. e3 e5 5. cxd5 Qxd5 6. Nc3 Bb4 7. Be2 exd4 8. 0-0 Bxc3 9. bxc3 d3 10. Qxd3 Qxd3 11. Bxd3 Bxf3 12. gxf3 Nf6 13. Ba3 0-0-0 14. Bf5+ Kb8 15. Rfd1 Rhe8 16. f4 g6 17. Bc2 Ne4 18. Rxd8+ Nxd8 19. Bb2 Nd6 20. Bb3 Re4 21. Rd1 Kc8 22. Ba3 Nb5 23. Bb2 Nd6 24. Kf1 Nc4 25. Bc1 Nb6 26. Ke2 Re7 27. c4 Ne6 28. Ba3 c5 29. Kf3 f5 30. Bb2 Rd7 31. Rg1 a5 32. Bc3 a4 33. Bc2 Nxc4 34. Bxa4 Rd3 35. Rc1 Nd6 36. Be5 b6 37. Bb3 Nc7 38. Ke2 Rxb3 39. axb3 Kd7 40. f3 Ncb5 41. Ra1 Nc8 42. Kd2 Kc6 43. h4 Nba7 44. h5 Kd5 45. hxg6 hxg6 46. Rg1 Ne7 47. Bf6 Nac6 48. Bxe7 Nxe7 49. e4+ 1-0